000 00504cam a22002051 4500
001 sa 68002841
003 DLC
005 20260227112447.0
008 890503m19531966ii 000 0 malo
010 _asa 68002841
035 _a(OCoLC)19649784
040 _aDLC
_cWaU
_dDLC
042 _apremarc
050 0 0 _aPL4718.9.N357
_bA6 1953
100 1 _aNayar, M. Ramunni,
_d1903-1943.
245 1 0 _aSaƱjayan.
260 _c1953-1966 [v. 1, 1964]
300 _a6 v.
_c19 cm.
500 _aIn Malayalam.
999 _c79028
_d79028